Pedagogy and the shaping of consciousness: linguistic and social processes
שמור ב:
| מחבר ראשי: | |
|---|---|
| פורמט: | ספר |
| שפה: | אנגלית |
| יצא לאור: |
Londres
Continuum
1999
|
| מהדורה: | 1a. ed |
| סדרה: | Open Linguistics Series
|
| נושאים: | |
| תגים: |
הוספת תג
אין תגיות, היה/י הראשונ/ה לתייג את הרשומה!
|
MARC
| LEADER | 00000nam a2200000 a 4500 | ||
|---|---|---|---|
| 001 | UCK5705 | ||
| 003 | CL-VaPUC | ||
| 008 | 050819e19990000UK |||||||||||||||||eng|d | ||
| 020 | |a 0826447473 | ||
| 082 | 0 | 4 | |a 306.43 |b CHR |2 21 |
| 100 | 0 | |a Christie, Frances |e author |9 494624 | |
| 245 | 1 | 0 | |a Pedagogy and the shaping of consciousness: linguistic and social processes |
| 250 | |a 1a. ed | ||
| 300 | |a 296 p | ||
| 942 | |c BK | ||
| 945 | |d 20050819 00:00:00 |a cmena | ||
| 260 | |a Londres |b Continuum |c 1999 | ||
| 650 | 0 | |a Sociología de la educación |9 260380 | |
| 650 | 0 | |a Sociolingüística |9 263716 | |
| 650 | 0 | |a Cambio social |9 256857 | |
| 650 | 0 | |a Identidad cultural |9 319131 | |
| 650 | 0 | |a Rol del docente |9 329733 | |
| 583 | |a last modification |c 20050819 00:00:00 |k Rodrigo Vera | ||
| 490 | 0 | |a Open Linguistics Series | |
| 999 | |c 314200 |d 314198 | ||
| 952 | |0 0 |1 0 |4 0 |6 306_430000000000000_CHR_1999 |7 0 |8 A |9 386211 |a FDOPOS |b FDOPOS |d 2019-11-22 |i 4156870 |o 306.43 CHR 1999 |p 4156870 |r 2025-01-22 |w 2019-11-22 |y BK |k MLA | ||